<?xml version="1.0" encoding="UTF-8"?><?xml-stylesheet type="text/xsl" href="static/style.xsl"?><OAI-PMH xmlns="http://www.openarchives.org/OAI/2.0/" xmlns:xsi="http://www.w3.org/2001/XMLSchema-instance" xsi:schemaLocation="http://www.openarchives.org/OAI/2.0/ http://www.openarchives.org/OAI/2.0/OAI-PMH.xsd"><responseDate>2026-04-17T05:54:08Z</responseDate><request verb="GetRecord" identifier="oai:www.recercat.cat:2072/465991" metadataPrefix="marc">https://recercat.cat/oai/request</request><GetRecord><record><header><identifier>oai:recercat.cat:2072/465991</identifier><datestamp>2025-07-29T21:24:16Z</datestamp><setSpec>com_2072_98</setSpec><setSpec>col_2072_378192</setSpec></header><metadata><record xmlns="http://www.loc.gov/MARC21/slim" xmlns:dcterms="http://purl.org/dc/terms/" xmlns:xsi="http://www.w3.org/2001/XMLSchema-instance" xmlns:doc="http://www.lyncode.com/xoai" xsi:schemaLocation="http://www.loc.gov/MARC21/slim http://www.loc.gov/standards/marcxml/schema/MARC21slim.xsd">
   <leader>00925njm 22002777a 4500</leader>
   <datafield ind2=" " ind1=" " tag="042">
      <subfield code="a">dc</subfield>
   </datafield>
   <datafield ind2=" " ind1=" " tag="720">
      <subfield code="a">Rodríguez-Barragán, María</subfield>
      <subfield code="e">author</subfield>
   </datafield>
   <datafield ind2=" " ind1=" " tag="720">
      <subfield code="a">Fernández-San-Martín, María Isabel</subfield>
      <subfield code="e">author</subfield>
   </datafield>
   <datafield ind2=" " ind1=" " tag="720">
      <subfield code="a">Clavería, Ana</subfield>
      <subfield code="e">author</subfield>
   </datafield>
   <datafield ind2=" " ind1=" " tag="720">
      <subfield code="a">Le Reste, Jean Yves</subfield>
      <subfield code="e">author</subfield>
   </datafield>
   <datafield ind2=" " ind1=" " tag="720">
      <subfield code="a">Nabbe, Patrice</subfield>
      <subfield code="e">author</subfield>
   </datafield>
   <datafield ind2=" " ind1=" " tag="720">
      <subfield code="a">Motrico, Emma</subfield>
      <subfield code="e">author</subfield>
   </datafield>
   <datafield ind2=" " ind1=" " tag="720">
      <subfield code="a">Gómez-Gómez, Irene</subfield>
      <subfield code="e">author</subfield>
   </datafield>
   <datafield ind2=" " ind1=" " tag="720">
      <subfield code="a">Peguero-Rodríguez, Eva</subfield>
      <subfield code="e">author</subfield>
   </datafield>
   <datafield ind2=" " ind1=" " tag="260">
      <subfield code="c">2023</subfield>
   </datafield>
   <datafield ind2=" " ind1=" " tag="520">
      <subfield code="a">Depression has a high prevalence among European countries. Several instruments have been designed to assess its symptoms in different populations. The Hopkins Symptom Checklist 25 (HSCL-25) scale has been identified as valid, reproducible, effective, and easy to use. There are short versions of this scale that could be useful in Primary Care (PC) settings, but their psychometric properties are unknown. To assess in PC patients the psychometric properties and diagnostic accuracy of the Spanish version of the HSCL-10 and the HSCL-5 consisting of 10 and 5 items, respectively. A multicenter, cross-sectional study was carried out at six PC centers in Spain. The HSCL-25 was administered to outpatients aged 45-75 who also participated in the structured Composite International Diagnostic Interview (CIDI). HSCL-10 and HSCL-5 were assessed and compared to HSCL-25 regarding total score correlation, internal consistency, and criterion validity against the gold-standard CIDI. This is a methodological study from a secondary data analysis and the primary data has been previously published. Out of 790 patients, 767 completed the HSCL-25 and 736 the CIDI interview (96.0%). Cronbach's Alpha was 0.84 for HSCL-10 and 0.77 for HSCL-5. The known-group method and confirmatory factor analysis were acceptable for the establishment of construct validity. Sensitivity was 79.7% (CI95%, 67.7-88.0%) for HSCL-10, and 78.0% (CI95%, 65.9-86.6%) for HSCL-5, whereas specificity was 83% (CI95%, 80.0-85.7%) for HSCL-10, and 72.8% (CI95%, 69.3-76.0%) for HSCL-5. Area under the curve against CIDI was 0.88 (CI95%, 0.84-0.92%) for HSCL-10, and 0.85 (CI95%, 0.81-0.89%) for HSCL-5. Optimum cutoff point calculated with Youden Index was 1.90 for the HSCL-10 and 1.80 for the HSCL-5. HSCL-10 and HSCL-5 are reliable and valid tools to detect depression symptoms and can be used in PC settings.</subfield>
   </datafield>
   <datafield tag="653" ind2=" " ind1=" ">
      <subfield code="a">Depression</subfield>
   </datafield>
   <datafield tag="653" ind2=" " ind1=" ">
      <subfield code="a">Hopkins Symptom Checklist</subfield>
   </datafield>
   <datafield tag="653" ind2=" " ind1=" ">
      <subfield code="a">Primary Health Care (MeSH)</subfield>
   </datafield>
   <datafield tag="653" ind2=" " ind1=" ">
      <subfield code="a">Patient reported outcome measures (MeSH)</subfield>
   </datafield>
   <datafield tag="653" ind2=" " ind1=" ">
      <subfield code="a">Diagnostic accuracy</subfield>
   </datafield>
   <datafield tag="653" ind2=" " ind1=" ">
      <subfield code="a">Psychometric properties</subfield>
   </datafield>
   <datafield ind2="0" ind1="0" tag="245">
      <subfield code="a">Measuring depression in Primary Health Care in Spain : Psychometric properties and diagnostic accuracy of HSCL-5 and HSCL-10</subfield>
   </datafield>
</record></metadata></record></GetRecord></OAI-PMH>